| 000 | 00803nam a22002777a 4500 | ||
|---|---|---|---|
| 003 | CHAP | ||
| 005 | 20220329140516.0 | ||
| 008 | 971013s1949 r 00010 d | ||
| 010 | _a53036 | ||
| 011 | _a54008 | ||
| 035 | _a58158 | ||
| 040 | _cCHAP | ||
| 082 |
_a530 _bS43 |
||
| 100 | 0 | 0 |
_aSears, Francis Weston. _9103460 |
| 245 |
_aUniversity physics _b: mechanics, heat and sound |
||
| 260 |
_aCambridge : _bAddison-Wesley, _c1949 |
||
| 300 |
_a384 p. _b: ilus. |
||
| 590 |
_aBATCH-UPD _b10 _c20130110 _lUCH01 _h1406 |
||
| 590 |
_aBATCH-UPD _b10 _c20130410 _lUCH01 _h0855 |
||
| 590 |
_aBATCH-UPD _b10 _c20130914 _lUCH01 _h1422 |
||
| 590 |
_aCONVERSION _b10 _c20130109 _lUCH01 _h1329 |
||
| 650 | 1 | 4 |
_aFĂsica. _941975 |
| 901 | _aBK | ||
| 942 | _cLIBRO | ||
| 949 |
_a530 S43 _bBC _cMUT _d-126270 _eMUT _i58158 _si |
||
| 999 |
_c53036 _d53036 |
||